000 01362nam a2200325 a 4500
001 BRCA_3134
005 20190320204128.0
008 040209s1864----fr-a---###---#000-0#fre-u
041 _afre
044 _afr
084 _a437
_b.M36
_c1864
100 1 _aCervantes Saavedra, Miguel de
_d1547-1616
_9213
245 1 0 _aL´Ingénieux Chevallier Don Quichotte de la Manche
_cpar Miguel de Cervantes Saavedra.
260 _aTours (Francia)
_bAlfred Mame
_c1864
300 _aviii, 550 p.
_bil.
_c25 cm.
500 _aContenido : Primera parte. Aviso del traductor. Texto. Segunda parte. Texto
500 _aEdición : Traduction nouvelle. Illustrations par Granville
500 _aEjemplar por completo igual al anterior. Semipiel; lomo adornado con filetes dorados; corte dorado también Lúdovik Osterc
500 _aEstado físico : Esta edición se encuentra con las primeras hojas desprendidas
500 _aQM371
546 _aTexto en : francés
650 1 4 _aNovela española
_yÉpoca clásica, 1500-1700
_9215
650 1 4 _aLiteratura española
_yÉpoca clásica, 1500-1700
_9216
650 1 4 _aNovela española
_ySiglo XVII
_9217
650 1 4 _aDon Qujote (Personaje ficticio)
_eNovela
_98494
700 1 _aGranville, J.J.
_d1803-1847
_eIlustrador
_98495
740 0 _aEl Ingenioso Hidalgo Don Quijote de la Mancha
902 _aQFM
942 _2lcc
_cB
999 _c2870
_d2870